|
|
|
|
| LEADER |
00000nam a22000007a 4500 |
| 005 |
20130111145257.0 |
| 007 |
cr|||| |||| |
| 008 |
130111e2012 sp ||||| |||| 00| 0 spa d |
| 020 |
|
|
|a 978-84-15455-48-6
|
| 035 |
|
|
|a 6974
|
| 040 |
|
|
|a vLex
|
| 090 |
|
|
|c 3506
|d 3506
|
| 100 |
1 |
0 |
|a Alba Fernǹdez, Manuel
|
| 245 |
1 |
4 |
|a Las Reglas de Rotterdam
|h [Recurso electrn̤ico]
|b una nueva era en el Derecho uniforme del transporte : Actas del Congreso Internacional /
|c Manuel Alba Fernǹdez
|
| 256 |
|
|
|6 Servicio en ln̕ea
|
| 260 |
|
|
|a Madrid :
|b Dykinson,
|c 2012
|
| 300 |
|
|
|a 1 Recurso electrn̤ico
|
| 650 |
0 |
4 |
|a Derecho pb︢lico administrativo
|
| 700 |
1 |
0 |
|a Illescas Ortiz, Rafael
|
| 740 |
|
|
|a vLex Libros (Servicio en ln̕ea)
|
| 856 |
|
|
|u http://vlex.com/source/reglas-rotterdam-6974
|
| 942 |
|
|
|c BOOK
|
| 999 |
|
0 |
|a Administrative law
|